| 000 | 00388nam a2200145 i 4500 | ||
|---|---|---|---|
| 001 | 57126 | ||
| 003 | ES-MaACL | ||
| 005 | 20230906163522.0 | ||
| 007 | t| | ||
| 008 | 031015s1958 sp ||||1| spa d | ||
| 245 | 0 | 0 |
_aDisposiciones de hacienda _b: contribución sobre la renta. |
| 260 |
_aMadrid : _bEd. Va., _c1958. |
||
| 300 |
_a94 p. ; _c22 cm. |
||
| 852 |
_aES-MaACL _jC-28098 _bR.42135 |
||
| 999 |
_c57126 _d57126 |
||